Coutries Capitals Quiz Stats

 Plays Quiz not verified by Sporcle

Support Sporcle.
Go Orange.
Score 0/30 Timer 20:00
0 Plays Today
Countries Capital % Correct
????
100%
????
99.2%
????
22.1%
????
21.4%
????
16%
????
16%
????
16%
????
16%
????
11.5%
????
9.9%
????
9.9%
????
9.2%
????
9.2%
????
9.2%
????
9.2%
Countries Capital % Correct
????
9.2%
????
8.4%
????
8.4%
????
7.6%
????
7.6%
????
7.6%
????
7.6%
????
7.6%
????
7.6%
????
6.9%
????
6.9%
????
6.9%
????
6.9%
????
6.9%
????
3.1%

You're not logged in!

Compare scores with friends on all Sporcle quizzes.
OR
Log In

From the Vault

Which Year? (1960s)

by william2

A decade with stirring speeches and the Summer of Love.
Remove Ads.
Support Sporcle.
Get the best of Sporcle when you Go Orange. This ad-free experience offers more features, more stats, and more fun while also helping to support Sporcle. Thank you for becoming a member.

Show Comments

Extras

Created Mar 1, 2011ReportNominate
Tags:Capital Quiz, Country Quiz

Top Quizzes Today


Score Distribution

Your Account Isn't Verified!

In order to create a playlist on Sporcle, you need to verify the email address you used during registration. Go to your Sporcle Settings to finish the process.

Report this User

Report this user for behavior that violates our Community Guidelines.

Details: